Schaum’s outline of theory and problems of statistics / (Record no. 198)

MARC details
000 -LEADER
fixed length control field 01325nam a22003375a 4500
003 - CONTROL NUMBER IDENTIFIER
control field EG-ScBUE
005 - DATE AND TIME OF LATEST TRANSACTION
control field 20250227103458.0
008 - FIXED-LENGTH DATA ELEMENTS--GENERAL INFORMATION
fixed length control field 150819r20051999ii a f 001 0 eng d
020 ## - INTERNATIONAL STANDARD BOOK NUMBER
International Standard Book Number 0070435103
020 ## - INTERNATIONAL STANDARD BOOK NUMBER
International Standard Book Number 9780070435100
040 ## - CATALOGING SOURCE
Original cataloging agency EG-ScBUE
Language of cataloging eng
Description conventions rda
Transcribing agency EG-ScBUE
Modifying agency EG-ScBUE
082 04 - DEWEY DECIMAL CLASSIFICATION NUMBER
Classification number 519.5076
Item number SPI
Edition number 22
100 1# - MAIN ENTRY--PERSONAL NAME
Personal name Spiegel, Murray R.,
Relator term author.
9 (RLIN) 2617
245 10 - TITLE STATEMENT
Title Schaum’s outline of theory and problems of statistics /
Statement of responsibility, etc Murray R. Spiegel, Ph.D., Former Professor and Chairman, Mathematics Department, Rensselaer Polytechnic Institute, Hartford Graduate Center, Larry J. Stephens, Full Professor, Mathematics Department, University of Nebraska at Omaha.
246 30 - VARYING FORM OF TITLE
Title proper/short title Statistics
250 ## - EDITION STATEMENT
Edition statement Third edition.
250 ## - EDITION STATEMENT
Edition statement Eighth reprinted edition.
264 #1 - PUBLICATION, DISTRIBUTION, ETC. (IMPRINT)
Place of publication, distribution, etc New Delhi :
Name of publisher, distributor, etc Tata McGraw-Hill Publishing,
Date of publication, distribution, etc 2005.
300 ## - PHYSICAL DESCRIPTION
Extent xvii, 538 pages :
Other physical details illustrations ;
Dimensions 24 cm.
336 ## - CONTENT TYPE
Source rdacontent
Content type term text
Content type code txt
337 ## - MEDIA TYPE
Media type term unmediated
Source rdamedia
Media type code n
338 ## - CARRIER TYPE
Carrier type term volume
Carrier type code nc
Source rdacarrier
490 0# - SERIES STATEMENT
Series statement Schaum’s outline series
500 ## - GENERAL NOTE
General note Includes index.<br/>
500 ## - GENERAL NOTE
General note Includes appendix.<br/>
650 #7 - SUBJECT ADDED ENTRY--TOPICAL TERM
Topical term or geographic name as entry element Statistics
Form subdivision Problems, exercises, etc.
Source of heading or term BUEsh
9 (RLIN) 4000
653 ## - INDEX TERM--UNCONTROLLED
Arrived date list August2015
Resource For college Engineering, General
655 ## - INDEX TERM--GENRE/FORM
Form subdivision Reading book
700 1# - ADDED ENTRY--PERSONAL NAME
Personal name Stephens, Larry J.‏,
Relator term author.
9 (RLIN) 41314
942 ## - ADDED ENTRY ELEMENTS (KOHA)
Koha item type Book - Borrowing
Source of classification or shelving scheme Dewey Decimal Classification
Holdings
Withdrawn status Lost status Source of classification or shelving scheme Damaged status Not for loan Collection code Home library Current library Shelving location Date acquired Source of acquisition Cost, normal purchase price Total Checkouts Full call number Barcode Date last seen Cost, replacement price Koha item type Total Renewals Date checked out
    Dewey Decimal Classification     Baccah Central Library Central Library First floor 09/02/2006 Purchase 200.00 1 519.5076 SPI 000004530 15/07/2025 250.00 Book - Borrowing    
    Dewey Decimal Classification     Baccah Central Library Central Library First floor 09/02/2006 Purchase 200.00 2 519.5076 SPI 000003183 15/07/2025 250.00 Book - Borrowing 11 15/12/2011
    Dewey Decimal Classification     Baccah Central Library Central Library First floor 09/02/2006 Purchase 200.00   519.5076 SPI 000003159 15/07/2025 250.00 Book - Borrowing